| 000 | 00716cam a2200193 a 4500 | ||
|---|---|---|---|
| 020 | _a0442215975 | ||
| 082 | 0 | 0 |
_a628.1 _bHAN _cL-23, P-27 |
| 245 | 0 | 0 |
_aHandbook of public water systems / _cCulp/Wesner/Culp ; edited by Robert B. Williams, Gordon L. Culp. |
| 260 |
_aNew York : _bVan Nostrand Reinhold, _cc1986. |
||
| 300 |
_axiv, 1113 p. : _bill. ; _c24 cm. |
||
| 526 |
_a0 _b0 _c0 _d628_100000000000000_HAN |
||
| 650 | 0 |
_aMunicipal water supply _zUnited States. _947433 |
|
| 650 | 0 |
_aWater quality _zUnited States. _947434 |
|
| 650 | 0 |
_aWater _xPurification _zUnited States. _947435 |
|
| 700 | 1 |
_aCulp, Gordon L. _947436 |
|
| 700 | 1 |
_aWilliams, Robert B. _947437 |
|
| 710 | 2 |
_aCulp/Wesner/Culp. _947438 |
|
| 942 |
_2ddc _cBK |
||
| 999 |
_c550695 _d550695 |
||